| 000 | 00753nam a22002171 4500 | ||
|---|---|---|---|
| 001 | 142356 | ||
| 003 | ES-MaACL | ||
| 007 | t| | ||
| 008 | 071004s1940 sp ||||0| spa d | ||
| 016 | 7 | _zIND2000946880 | |
| 040 |
_aM-BN _bspa _cCDM |
||
| 100 | 1 |
_aWinter, Georg. _9117112 |
|
| 245 | 1 | 4 |
_aLas indicaciones de la cesárea abdominal / _cProf. G. Winter... ; traducida directamente del alemán por los doctores Ruperto Sánchez Arcas y Juan Sánchez Harguindey. |
| 250 | _a1ª ed. española. | ||
| 260 |
_aMadrid : _bPegaso, _c[1940] ( _fImp. Galo Sèz) |
||
| 300 |
_aXVI, 189 p. ; _c22 cm. |
||
| 700 | 1 |
_aSánchez-Arcas, Ruperto. _9102466 |
|
| 700 | 1 |
_aSánchez-Arcas, Juan. _9102465 |
|
| 852 |
_aES-MaACL _jE-407 _bR.18870 |
||
| 999 |
_c142356 _d142356 |
||